000 01701nim a2200361 i 4500
001 197160
003 ES-MaACL
005 20250828062548.0
007 ss lsnjlcipnne
008 300425s1990 sp nnnn |||| 00| spa d
040 _bspa
_cES-MaACL
100 1 _9240164
_aCruz, Zulema de la,
_d1958-
245 _aPrimeros encuentros internacionales de compositoras
_h[Grabación sonora] :
_bconferencia "La compositora y su música" /
_cpor Zulema de la Cruz
260 _aMadrid :
_bAteneo de Madrid,
_c1990.
300 _a1 casete (ca. 90 min) :
_bson. ;
_c11 cm
490 1 _3Actos culturales en el Ateneo de Madrid
518 _aGrabado el 16 de febrero de 1990 en el Salón de Actos del Ateneo de Madrid.
520 _aConferencia "La compositora y su música" por la compositora Zulema de la Cruz, que tiene lugar en el marco de la Agrupación Ateneísta de Estudios sobre la Mujer "Clara Campoamor" en colaboración con la Asociación Mujeres en la Música.
540 _aDocumento inédito
594 _5Datos basados en la invitación.
610 2 0 _aAteneo de Madrid-
_xActos culturales-
_y1990-
_vGrabaciones sonoras
_9240083
650 7 _aMúsica
_2embne
_915376
653 _aArchivo de la palabra
655 0 _aConferencias
_9234444
700 1 _aCruz, Zulema de la,
_eora
_9240164
_d1958-
710 _aAteneo de Madrid.
_bAgrupación Ateneísta de Estudios sobre la Mujer "Clara Campoamor"
_ehis
_9240081
710 _aAsociación Mujeres en la Música
_eclb
_9240166
830 0 _aActos culturales en el Ateneo de Madrid
_9240237
852 _aES-MaACL
_cDEPOZ
_9205153
942 _2udc
_n0
_cCINTASAUD
999 _c197160
_d197160